| 000 | 00570nam a2200205Ia 4500 | ||
|---|---|---|---|
| 005 | 20260120095254.0 | ||
| 008 | 191130s2003##################000#0#eng## | ||
| 020 |
_a9780198472926 _qpbk |
||
| 041 | _aeng | ||
| 082 |
_a004.692 _bBER |
||
| 100 | _aBerry, Shilo | ||
| 245 |
_aE-mails Home _cby Shilo Berry |
||
| 260 |
_aOxford _bOxford University Press _c2003 |
||
| 300 | _a24 p. : col. ; ill. ; 22 cm | ||
| 490 | _aFireflies | ||
| 500 | _aIncludes index Reading Age : 5-7 years | ||
| 650 | _aComputer science | ||
| 650 | _aReaders (Elementary) | ||
| 942 | _cENGLISH | ||
| 999 |
_c159321 _d159321 |
||